Štúdium starnutia inkjetových výtlačkov diplomová práca

Salvato in:
Dettagli Bibliografici
Autore principale: Lefflerová, Petra
Natura: Libro
Lingua:slovacco
Pubblicazione: Bratislava STU FCHPT 2018
Accesso online:Visualizza in OPAC
Tags: Aggiungi Tag
Nessun Tag, puoi essere il primo ad aggiungerne!!

MARC

LEADER 00000nam a2200000 a 4500
005 20260127134238.0
008 180815 2018 xo a 001 0 slo d
035 |a vtls011772560 
039 9 |y 201808151129  |z mschk03 
040 |a STUSCHK1  |b slo  |c STUSCHK1  |e AACR2 
100 1 |a Lefflerová, Petra 
245 1 |a Štúdium starnutia inkjetových výtlačkov  |b diplomová práca  |c Petra Lefflerová 
260 |a Bratislava  |b STU FCHPT  |c 2018 
300 |a 57 s.  |b il.  |c 25 cm 
500 |a Študijný program: prírodné a syntetické polyméry 
500 |a Študijný odbor: chemické technológie 
500 |a Školiace pracovisko: odd. polygrafie a aplikovanej fotochémie 
500 |a Evid. číslo: FCHPT-13576-42817 
910 |a SCHK95 
999 |c 7727  |d 7727